000 00293nam a22001457a 4500
008 230512b ||||| |||| 00| 0 eng d
020 _a567504
041 _aeng
080 _a32
082 _a32RON
100 _a21
101 _aSHKP
245 _aPOETRY PROSE
_cRONALD
942 _2udc
_cBK
999 _c59690
_d59690